Rozvoj československého socialistického štátu a práva a otázky ich zdokonaľovania Záverečná výskumná správa hlavnej úlohy štátneho plánu základného výskumu. VIII-5-8

Saved in:
Bibliographic Details
Format: Book
Language:Slovak
Published: Bratislava Ústav štátu a práva SAV 1985
Edition:1. vyd.
Tags: Add Tag
No Tags, Be the first to tag this record!

MARC

LEADER 00000nam a2200000 4500
001 c036518
005 20221220080227.1
041 0 |a slo 
044 |a SK 
245 1 0 |a Rozvoj československého socialistického štátu a práva a otázky ich zdokonaľovania  |b Záverečná výskumná správa hlavnej úlohy štátneho plánu základného výskumu. VIII-5-8 
250 |a 1. vyd. 
264 1 |a Bratislava  |b Ústav štátu a práva SAV  |c 1985 
300 |a 77, 43 s.